Urgencias Médicas / (Registro nro. 14239)

Detalles MARC
000 -LIDER
fixed length control field 02223nam a2200373 a 4500
001 - NÚMERO DE CONTROL
Identificador de número de control
003 - IDENTIFICACDOR DE NÚMERO DE CONTROL
control field DO-SdBNP
005 - DATE AND TIME OF LATEST TRANSACTION
control field 20220822134732.0
007 - CAMPOS FIJOS DE DESCRIPCIÓN FÍSICA
fixed length control field
008 - ELEMENTOS DE LONGITUD FIJA
fixed length control field 131007s2004 dr ab 001 0 spa d
020 ## - ISBN
International Standard Book Number 999347911X
040 ## - FUENTE DE CATALOGACIÓN
Agencia que crea de manera original el registro BPMSU
Idioma de catalogación spa
Agencia que realiza la transcripción BPMSU
082 #4 - NÚMERO DE CLASIFICACIÓN DECIMAL DE DEWEY
Classification number 616.025
Item number B333u 2004
Edition number 22
245 10 - MENCIÓN DE TITULO
Título Urgencias Médicas /
Mención de responsabilidad editor Guarocuya Batista del Villar;colaboradores Freddy Aybar Villarroel...¨[et.al]
250 ## - MENCIÓN DE EDICION
Mención de edición 5a. ed.
260 ## - PUBLICACIÓN, DISTRIBUCIÓN, ETC. (PIE DE IMPRENTA)
Lugar de publicación, distribución, etc Santo Domingo :
Nombre del editor, distribuidor, etc. Editora Búho,
Fecha de publicación, distribución, etc 2004
300 ## - DESCRIPCIÓN FÍSICA
Extensión 1102 p. ;
Dimensiones 21 cm.
Otros detalles físicos
500 ## - NOTA GENERAL
Nota general Incluye datos biográficos del autor en la solapa de la cubierta
505 0# - NOTA DE CONTENIDO
Texto normalizado de contenido VOLUMEN 2 -- Trastornos abdominales : hemorragia digestiva alta 650 -- Abdomen agudo no quirúrgico 675 -- Trastornos nefrourológicos : insuficiencia renal aguda 697 -- Cólico nefrítico 713 -- Trastornos endocrinos : los comas metabólicos del paciente diabético 723 -- Hipoglicemia 746 -- Insuficiencia suprarrenal y crisis adrenal aguda 761 -- Crisis tirotóxica 772 -- Urgencias obstétricas 788 -- Urgencias pediátricas : deshidratación aguda 834 -- Diarrea infeccionsa aguda del lactante 850 -- Fiebre en la edad pediátrica 864 -- Convulsiones en el niño 903 -- Enfermedades respiraorias del recién nacido 917 -- Urgencias cardíacas del lactante y del niño 934 -- Accidentes e intoxicaciones en niños 969 -- Urgencias pediátricas menos frecuentes 984 -- La fiebre de origen desconocido, ¿Una urgencia médica? 998 -- Coagulación intravascular diseminada 1008 -- Alteraciones del equilibrio hidromineral y ácido básico 1033 -- Algunas imágenes en urgencias-II 1080 -- Algunos valores de laboratorios normales : química sanguínea 1095
590 ## - NOTA LOCAL
Texto de la nota local Inventariado, 2022/VM
650 #4 - ENCABEZAMIENTO DE MATERIA--TEMÁTICO
Término temático o nombre geográfico como elemento de entrada Urgencias médicas
Subdivisión geográfica
Subdivisión temática general
650 #4 - ENCABEZAMIENTO DE MATERIA--TEMÁTICO
Término temático o nombre geográfico como elemento de entrada Primeros auxilios |
700 1# - ASIENTO SECUNDARIO -- NOMBRE PERSONAL
Nombre personal Batista del Villar, Guarocuya
Mención de responsabilidad ed.
700 1# - ASIENTO SECUNDARIO -- NOMBRE PERSONAL
Nombre personal Freddy Aybar Villarroel
Mención de responsabilidad colaborador
710 2# - ASIENTO SECUNDARIO -- NOMBRE CORPORATIVO
Nombre corporativo o de jurisdicción Asociación Médica Dominicana
910 ## - VALIDACIÓN
Validación VMateo V.
930 #1 - EQUIVALENCE OR CROSS-REFERENCE-UNIFORM TITLE HEADING [LOCAL, CANADA]
Language of a work
Medium of performance for music
Medium
Field link and sequence number
Date of a work
Name of part/section of a work
Miscellaneous information
942 ## - ADDED ENTRY ELEMENTS (KOHA)
Source of classification or shelving scheme Dewey Decimal Classification
Koha item type Libros
945 ## - INFORMACIÓN DE PROCESAMIENTO LOCAL
Información de procesamiento local Inventariado / 2017 VM
956 ## - LOCAL ELECTRONIC LOCATION AND ACCESS (OCLC)
Nombre de host
Número de acceso
Información de compresión
Inicio de sesión
Procesador de solicitud
956 ## - LOCAL ELECTRONIC LOCATION AND ACCESS (OCLC)
Nombre de host
Número de acceso
Información de compresión
Inicio de sesión
Procesador de solicitud
956 ## - LOCAL ELECTRONIC LOCATION AND ACCESS (OCLC)
Nombre de host
Número de acceso
Información de compresión
Inicio de sesión
Procesador de solicitud
956 ## - LOCAL ELECTRONIC LOCATION AND ACCESS (OCLC)
Nombre de host VMATEO
Número de acceso 10
Información de compresión 20150327
Inicio de sesión BPMSU
Procesador de solicitud 00151
Existencias
Withdrawn status Lost status Source of classification or shelving scheme Damaged status Not for loan Collection code Home library Current library Date acquired Full call number Barcode Date last seen Copy number Price effective from Koha item type
    Dewey Decimal Classification     Colección Dominicana Biblioteca Pública Metropolitana Salomé Ureña Biblioteca Pública Metropolitana Salomé Ureña 08/22/2022 BPMSU CD 616.025 B333u 2004 BPMSU22080015 08/22/2022 V.2 08/22/2022 Libros
    Dewey Decimal Classification     Colección Dominicana Biblioteca Pública Metropolitana Salomé Ureña Biblioteca Pública Metropolitana Salomé Ureña 08/22/2022 BPMSU CD 616.025 B333u 2004 BPMSU22080016 08/22/2022 V.1 08/22/2022 Libros